MARC

LEADER 00000nam0a2200000 4500
001 41973
005 20231031014749.0
010 |a 5941571453 
035 |a (RuTPU)RU\TPU\book\43117 
090 |a 41973 
100 |a 20020704d2002 m y0rusy50 ca 
101 0 |a rus 
102 |a RU 
105 |a a z 001zy 
200 1 |a Основы баннерной рекламы  |f А. В. Петюшкин 
210 |a СПб.  |c БХВ-Петербург  |d 2002 
215 |a 464 с.  |c ил. 
320 |a Библиогр.: с. 427-449 
320 |a Глоссарий: с. 427-438. 
320 |a Перечень интернет-ресурсов: с. 438-443. 
320 |a Предм. указ.: с. 445-449. 
610 1 |a экономика 
610 1 |a реклама 
610 1 |a баннерная реклама 
610 1 |a интернет-проекты 
610 1 |a маркетинг 
610 1 |a товары 
610 1 |a услуги 
610 1 |a форматы 
610 1 |a эффективность 
610 1 |a брендинг 
610 1 |a психология 
610 1 |a Web-сайты 
610 1 |a программы 
675 |a 659  |v 3 
700 1 |a Петюшкин  |b А. В. 
801 1 |a RU  |b 63413507  |c 20020704  |g PSBO 
801 2 |a RU  |b 63413507  |c 20230502  |g PSBO 
900 |a Информационные технологии в рекламе 
942 |c BK